000 00427nam a2200157Ia 4500
003 OSt
005 20230529151143.0
008 211028s2015 xx 000 0 und d
040 _cAIMIT LIBRARY
041 _aeng
100 _aShet, Sradha Babu; D'Souza, Manibhushan.
_98602
_e131924
110 _aManibhushan D'Souza
_98603
245 _aReengineering UI for form designer.
260 _aMangalore
_c2015
942 _2ddc
_cPRO
999 _c219970
_d219970